LEADER 01196nam a2200277 4500 001 000000346796 003 CaOOAMICUS 005 20210701105804.0 008 210628s1987 it 000 u ita r 020 $a88-307-0130-0 040 $aSeMil$bita 100 1 $aSesana, Renato Kizito.$0(OLS)http://semarc/name/114031 245 13$aLa tua terra sono gli altri :$blettere di Padre Kizito /$ca cura di Mauro Pompili. 264 1$aBologna :$bEMI,$c1987. 300 $a199 p. ;$c19 cm 490 1 $aVita vissuta 650 4$aMissionari Comboniani.$0(OLS)http://semarc/subject/49536 650 04$aSesana, Renato Kizito <1943- > - Lettere e carteggi.$0(OLS)http://semarc/subject/50594 700 1 $aPompili, Mauro.$0(OLS)http://semarc/name/114198 830 0$aVita vissuta.$0(OLS)http://semarc/title/7192 850 $aSeMil 852 $aSeMil$W1$xVenegono$y1$m3E I 381$j227535$B238226$CSeMilBibl$Z2$F238226 $81 996 $6020$a88-307-0130-0$9(OLS)http://semarc/number/293561 996 $6245$aLa tua terra sono gli altri :$blettere di Padre Kizito$9(OLS)http://semarc/title/436021 996 $6264$aBologna :$bEMI$9(OLS)http://semarc/publisher/29618 LEADER 01110nam a2200265 i 4500 001 000000183220 003 CaOOAMICUS 005 20151111000000.0 008 151111s1999 it u000 u ita u 013 $a161184 020 $a88-250-0776-0 040 $aSeMil$bita 245 13$aIl tempo e i tempi della fede /$cA cura di Luciano Bertazzo. 260 $aPadova :$bMessaggero,$c1999. 300 $a191 p. ;$c22 cm. 490 0 $aPercorsi teologici ;$v6 650 4$aTempo - Saggi.$0(OLS)http://semarc/subject/33506 700 1 $aBertazzo, Luciano.$0(OLS)http://semarc/name/40652 830 0$aPercorsi teologici / Facoltà teologica dell'Italia settentrionale, sezione di Padova ;$v6.$0(OLS)http://semarc/title/7890 850 $aSeMil 852 $aSeMil$W1$xVenegono$y1$m2D IV 311$j133924$B133924$CSeMilBibl$Z2$F208295 $81 961 $aOmaggio: Martinelli don Romano 996 $6020$a88-250-0776-0$9(OLS)http://semarc/number/172938 996 $6245$aIl tempo e i tempi della fede$9(OLS)http://semarc/title/262975 996 $6260$aPadova :$bMessaggero$9(OLS)http://semarc/publisher/29786